00654nam a22002177a 450000500170000001000130001702000230003003500130005303700160006604000120008208200160009410000250011024500330013526000410016827000390020930000370024849000340028550000500031965000350036965000320040420170124110105.0 aB-209619 c110.00a8123741391 aB-209619 bCen Lib/Ret aDPLbEN a954.61bGOM aGomes, Olivinho J.F. aGoa /cby Olivinho J.F.Gomes bNational Book TrustaNew Delhic2002 aA-5, Green ParkbNew Delhie110016 axxii,363p. :c20cm(Hb)bcol.ill. aIndia-the land and the people aIncludes bibliographical references and index aGoa (State : India) -- History aReligion and rituals of Goa